LDR 00580naa#a2200169#i#450# 001 EN\INFRA-M\bibl\14625 005 20260602200327.2 100 ## _a20250114b2025####ek#y0engy0150####ca 102 ## _aRU 200 1# _aINCREASING ECONOMIC SUSTAINABILITY BASED ON THE FORMATION OF COMPETITIVE ADVANTAGES OF THE PORT OF SAIGON NORTH VIETNAM _eConference article/thesis 210 1# _aMoscow _cINFRA-M Academic Publishing LLC. _d2025 215 ## _a4 с. 608 ## _aConference article/thesis _2local 700 #1 _aTokareva _gM. V. 700 #1 _aZhuravlev _gE. V. 700 #1 _aTong _gHong Fi 856 4# _azh-szf.ru _u